El diablo cojuelo / (Record no. 149217)

MARC details
000 -LEADER
campo de control de longitud fija 00628nam a2200193 i 4500
001 - NÚMERO DE CONTROL
campo de control 149217
003 - IDENTIFICADOR DE NÚMERO DE CONTROL
campo de control ES-MaACL
005 - FECHA Y HORA DE LA ÚLTIMA TRANSACCIÓN
campo de control 20250823063110.0
007 - CAMPO FIJO DE DESCRIPCIÓN FÍSICA--INFORMACIÓN GENERAL
campo de control de longitud fija t|
008 - DATOS DE LONGITUD FIJA--INFORMACIÓN GENERAL
campo de control de longitud fija 071019s1968 sp ||||1| spa d
100 1# - ENTRADA PRINCIPAL--NOMBRE DE PERSONA
Nombre de persona Vélez de Guevara, Luis,
Fechas asociadas al nombre 1579-1644
9 (RLIN) 113833
245 13 - MENCIÓN DEL TÍTULO
Título El diablo cojuelo /
Mención de responsabilidad, etc. Luis Vélez de Guevara ; estudio y edición de Enrique R. Cepeda y Enrique Rull.
260 ## - PUBLICACIÓN, DISTRIBUCIÓN, ETC.
Lugar de publicación, distribución, etc. Madrid :
Nombre del editor, distribuidor, etc. Alcalá,
Fecha de publicación, distribución, etc. [1968]
300 ## - DESCRIPCIÓN FÍSICA
Extensión 253 p. ;
Dimensiones 18 cm.
700 1# - ENTRADA AGREGADA--NOMBRE PERSONAL
Nombre de persona Cepeda, Enrique R.
9 (RLIN) 37428
700 1# - ENTRADA AGREGADA--NOMBRE PERSONAL
Nombre de persona Rull Fernández, Enrique.
9 (RLIN) 100978
852 ## - LOCALIZACIÓN
Ubicación ES-MaACL
Número de control de estantería C-35364
Sublocalización o colección R.66285
Holdings
Estatus retirado Estado de pérdida Estado de daño No para préstamo Biblioteca de origen Biblioteca actual Ubicación en estantería Fecha de adquisición Fuente de adquisición Total de préstamos Signatura topográfica completa Código de barras Visto por última vez Precio de reemplazo Tipo de ítem Koha
        Biblioteca del Ateneo de Madrid Biblioteca del Ateneo de Madrid Depósito 2 17/01/2008     C-35364 1155710 23/02/2023 23/02/2023 Libro impreso